<?xml version="1.0" encoding="UTF-8"?><?xml-stylesheet type="text/xsl" href="static/style.xsl"?><OAI-PMH xmlns="http://www.openarchives.org/OAI/2.0/" xmlns:xsi="http://www.w3.org/2001/XMLSchema-instance" xsi:schemaLocation="http://www.openarchives.org/OAI/2.0/ http://www.openarchives.org/OAI/2.0/OAI-PMH.xsd"><responseDate>2026-06-03T02:09:30Z</responseDate><request verb="GetRecord" identifier="oai:riuma.uma.es:10630/11845" metadataPrefix="marc">https://riuma.uma.es/rest/oai/request</request><GetRecord><record><header><identifier>oai:riuma.uma.es:10630/11845</identifier><datestamp>2026-02-03T12:14:03Z</datestamp><setSpec>com_10630_2254</setSpec><setSpec>col_10630_37959</setSpec></header><metadata><record xmlns="http://www.loc.gov/MARC21/slim" xmlns:dcterms="http://purl.org/dc/terms/" xmlns:doc="http://www.lyncode.com/xoai" xmlns:xsi="http://www.w3.org/2001/XMLSchema-instance" xsi:schemaLocation="http://www.loc.gov/MARC21/slim http://www.loc.gov/standards/marcxml/schema/MARC21slim.xsd">
   <leader>00925njm 22002777a 4500</leader>
   <datafield ind2=" " ind1=" " tag="042">
      <subfield code="a">dc</subfield>
   </datafield>
   <datafield ind2=" " ind1=" " tag="720">
      <subfield code="a">García-Faroldi, Livia</subfield>
      <subfield code="e">author</subfield>
   </datafield>
   <datafield ind2=" " ind1=" " tag="260">
      <subfield code="c">2016-07-15</subfield>
   </datafield>
   <datafield ind2=" " ind1=" " tag="520">
      <subfield code="a">This paper examines emerging and changing gender roles in different regions of the world. Using data on 12 countries from last three ISSP Special Modules “Family and Changing Gender Roles” (1994, 2002 and 2012), we compare the evolution of gender roles about motherhood and fatherhood and its relation with the extension of women as breadwinners around the world: four Western Europe countries, representatives of different models of Welfare State (Germany, United Kingdom, Norway and Spain) plus United States,  three former Soviet nations (Russia, Poland and Czech Republic), two Latin American countries (Chile and Mexico) and two Asian nations (Japan and Taiwan). Data show that family change (measured both in terms of attitudes and social practices) is spreading from Western contexts to other regions of the world, although the pace of this change varies from one country to another, depending on cultural, economic and political factors.</subfield>
   </datafield>
   <datafield ind1="8" ind2=" " tag="024">
      <subfield code="a">http://hdl.handle.net/10630/11845</subfield>
   </datafield>
   <datafield tag="653" ind2=" " ind1=" ">
      <subfield code="a">Identidad sexual</subfield>
   </datafield>
   <datafield ind2="0" ind1="0" tag="245">
      <subfield code="a">Convergence of gender roles in a globalized world: international comparison of family and gender roles</subfield>
   </datafield>
</record>
</metadata></record></GetRecord></OAI-PMH>